Monster lakes :/ (Record no. 2690)

MARC details
000 -LEADER
fixed length control field 01211cam a2200325 a 4500
005 - DATE AND TIME OF LATEST TRANSACTION
control field 20250821141653.0
020 ## - INTERNATIONAL STANDARD BOOK NUMBER
International Standard Book Number 9781407109862
040 ## - CATALOGING SOURCE
Original cataloging agency UKM
Language of cataloging eng
Transcribing agency UKM
Modifying agency YDXCP
-- OCLCF
-- OCLCO
-- DLC
050 00 - LIBRARY OF CONGRESS CALL NUMBER
Classification number GB1603.G34
082 04 - DEWEY DECIMAL CLASSIFICATION NUMBER
Classification number 551.482
100 1# - MAIN ENTRY--PERSONAL NAME
Personal name Ganeri, Anita
Dates associated with a name 1961-
245 10 - TITLE STATEMENT
Title Monster lakes :/
Statement of responsibility, etc. Anita Ganeri ; illustrated by Mike Phillips.
250 ## - EDITION STATEMENT
Edition statement This edition published by Scholastic Ltd in 2009
260 ## - PUBLICATION, DISTRIBUTION, ETC.
Place of publication, distribution, etc. London ;
-- New York :
Name of publisher, distributor, etc. Scholastic,
Date of publication, distribution, etc. 2009
300 ## - PHYSICAL DESCRIPTION
Extent 128 pages :
Other physical details illustrations, maps ;
Dimensions 21 cm .
490 1# - SERIES STATEMENT
Series statement Horrible geography
500 ## - GENERAL NOTE
General note First published: 2005.
500 ## - GENERAL NOTE
General note Includes index.
505 ## - FORMATTED CONTENTS NOTE
Formatted contents note N <br/>
520 ## - SUMMARY, ETC.
Summary, etc. Monster Lakes sweeps young readers along on a tour of the world's most fascinating lakes. They can explore a volcanic crater lake, meet scuba-diving spiders, and hunt monsters from the deep.
521 ## - TARGET AUDIENCE NOTE
Target audience note 600 <br/>
Source Lexile <br/>
521 ## - TARGET AUDIENCE NOTE
Target audience note N <br/>
Source Raz-Plus <br/>
650 #0 - SUBJECT ADDED ENTRY--TOPICAL TERM
Topical term or geographic name entry element Lakes
Form subdivision Juvenile literature.
650 #7 - SUBJECT ADDED ENTRY--TOPICAL TERM
Topical term or geographic name entry element Lakes.
Source of heading or term fast
Authority record control number or standard number (OCoLC)fst00990901
655 #7 - INDEX TERM--GENRE/FORM
Genre/form data or focus term Juvenile works.
Source of term fast
Authority record control number or standard number (OCoLC)fst01411637
700 1# - ADDED ENTRY--PERSONAL NAME
Personal name Phillips, Mike
Dates associated with a name 1961-
906 ## - LOCAL DATA ELEMENT F, LDF (RLIN)
a 7
b cbc
c copycat
d 2
e ncip
f 20
g y-gencatlg
942 ## - ADDED ENTRY ELEMENTS (KOHA)
Source of classification or shelving scheme Dewey Decimal Classification
Koha item type Books
Suppress in OPAC No
999 ## -
-- 2690
-- 2690
Holdings
Withdrawn status Lost status Source of classification or shelving scheme Damaged status Not for loan Collection Home library Current library Shelving location Date acquired Total Checkouts Full call number Barcode Date last seen Date last checked out Price effective from Koha item type Copy number
    Dewey Decimal Classification     Non-Fiction Footprints International School Library Network Toul Tom Poung Campus Footprints International School Library Network Toul Tom Poung Campus TTP Primary Yellow Bookshelves 01/10/2024 1 GAN 551.482 GB1603.G34 2024-0008 02/21/2024 02/05/2024 01/10/2024 Books  
    Dewey Decimal Classification     Non-Fiction Footprints International School Library Network Toul Tom Poung Campus Footprints International School Library Network Toul Tom Poung Campus TTP Primary Yellow Bookshelves 08/21/2025   GAN 551.482 GB1603.G34 FIS04280 08/21/2025   08/21/2025 Books 2
    Dewey Decimal Classification     Non-Fiction Footprints International School Library Network Toul Tom Poung Campus Footprints International School Library Network Toul Tom Poung Campus TTP Primary Yellow Bookshelves 08/21/2025   GAN 551.482 GB1603.G34 FISSE00117 08/21/2025   08/21/2025 Books 3